| 000 | 00651nac a22001931u 4500 | ||
|---|---|---|---|
| 010 | _a 89032845 | ||
| 020 | _a0077072103 : | ||
| 082 | 0 | 0 |
_a658.4034 _bWIL |
| 090 |
_c6065 _d6065 |
||
| 100 | _aWilkes, F. M. | ||
| 245 | 1 | 0 |
_aOperational research : _banalysis and applications / _cMichael Wilkes. |
| 260 |
_aLondon ; _aNew York : _bMcGraw-Hill,c1989. _cc1989. |
||
| 300 |
_axv, 502 p. : _bill. ; _c24 cm. |
||
| 500 | _aDistributer: Al-Ahram. | ||
| 504 | _aIncludes bibliographical references and index. | ||
| 511 | _aCatalogued By: Mahitab. | ||
| 650 | 0 | _aOperations research. | |
| 942 |
_cBB _k658.4034WIL |
||
| 999 |
_c6065 _d6065 |
||